000 00310nam a2200121Ia 4500
005 20251222140059.0
008 251222s1900||||xx |||||||||||||| ||spa||
082 _a170/M26L
100 _aMaritain, Jacques
245 0 _aLecciones Fundamentales de la FilosofĂ­a Moral
264 _bClub de Lectores
942 _cLIB
999 _c3859
_d3859